[Event "GER Seniors Derby 14th"]
[Site "Wesel Undeloh"]
[Date "2015.04.18"]
[Round "8"]
[White "Lukas, Walerian"]
[Black "Bertram, Marina"]
[Result "1-0"]
[WhiteElo "1447"]
[BlackElo "1083"]
[PlyCount "101"]
[EventDate "2015.04.15"]
[EventType "swiss"]
[EventRounds "9"]
[EventCountry "GER"]
[SourceTitle "EXT 2018"]
[Source "ChessBase"]
[SourceDate "2017.10.13"]
[SourceVersion "1"]
[SourceVersionDate "2017.10.13"]
[SourceQuality "1"]

1. e4 d5 2. exd5 Qxd5 3. Nc3 Qd6 4. d4 Nf6 5. g3 e6 6. Nf3 Be7 7. Nb5 Qb6 8. Bf4 Bd6 9. Bxd6 cxd6 10. Rb1 Bd7 11. Nc3 0-0 12. Bg2 Nc6 13. 0-0 h6 14. Re1 d5 15. Qd2 a6 16. Na4 Qb5 17. Nc5 b6 18. Bf1 Qa5 19. b4 Qxa2 20. Ra1 Qb2 21. Reb1 Qxa1 22. Rxa1 bxc5 23. bxc5 Ne4 24. Qf4 a5 25. Ne5 Nxe5 26. Qxe5 Ng5 27. Qc7 Nf3+ 28. Kh1 Be8 29. Rxa5 Rxa5 30. Qxa5 Nxd4 31. c3 Nc6 32. Qc7 d4 33. cxd4 Nxd4 34. Bg2 Nb5 35. Qb6 Nd4 36. c6 e5 37. f4 f6 38. Bd5+ Kh8 39. c7 Bd7 40. Qb8 Rxb8 41. cxb8Q+ Kh7 42. fxe5 fxe5 43. Qxe5 Nf5 44. Be4 g6 45. g4 Ng7 46. h3 Be6 47. Qc7 Bb3 48. Kh2 Bd1 49. Qf7 h5 50. Qxg6+ Kh8 51. Qh7# 1-0

[Event "GER Seniors Derby 14th"]
[Site "Wesel Undeloh"]
[Date "2015.04.18"]
[Round "7"]
[White "Lukas, Walerian"]
[Black "Herzig, Martin"]
[Result "0-1"]
[WhiteElo "1447"]
[BlackElo "1405"]
[PlyCount "68"]
[EventDate "2015.04.15"]
[EventType "swiss"]
[EventRounds "9"]
[EventCountry "GER"]
[SourceTitle "EXT 2018"]
[Source "ChessBase"]
[SourceDate "2017.10.13"]
[SourceVersion "1"]
[SourceVersionDate "2017.10.13"]
[SourceQuality "1"]

1. e4 c5 2. Nf3 Nc6 3. d4 cxd4 4. Nxd4 e6 5. c3 a6 6. Bd3 Nf6 7. Nd2 Ne5 8. Bc2 d6 9. N4f3 Nxf3+ 10. Qxf3 Bd7 11. 0-0 Be7 12. Re1 e5 13. h3 0-0 14. Nf1 Rc8 15. Bd1 Bc6 16. Ng3 d5 17. exd5 Nxd5 18. Qf5 Re8 19. Bc2 g6 20. Qg4 Bd7 21. Qe2 Bf8 22. Bb3 Bc6 23. Rd1 Qa5 24. Ne4 Nf4 25. Bxf4 exf4 26. Nf6+ Kh8 27. Nxe8 Rxe8 28. Qc4 Qg5 29. Qf1 f3 30. g3 Re2 31. Bc4 Bc5 32. Rd8+ Qxd8 33. Bxe2 fxe2 34. Qxe2 Qd5 0-1

[Event "GER Seniors Derby 14th"]
[Site "Wesel Undeloh"]
[Date "2015.04.17"]
[Round "5"]
[White "Lukas, Walerian"]
[Black "Preuss, Siegfried"]
[Result "0-1"]
[WhiteElo "1447"]
[BlackElo "1790"]
[PlyCount "68"]
[EventDate "2015.04.15"]
[EventType "swiss"]
[EventRounds "9"]
[EventCountry "GER"]
[SourceTitle "EXT 2018"]
[Source "ChessBase"]
[SourceDate "2017.10.13"]
[SourceVersion "1"]
[SourceVersionDate "2017.10.13"]
[SourceQuality "1"]

1. e4 d5 2. exd5 Nf6 3. c4 e6 4. dxe6 Bxe6 5. d4 Bb4+ 6. Nc3 Qe7 7. Be3 0-0 8. a3 Bxc3+ 9. bxc3 Ne4 10. Qc1 Nd7 11. Bd3 Ndf6 12. h3 Bf5 13. Be2 Rfe8 14. Nf3 Nxf2 15. Kxf2 Ne4+ 16. Kg1 Ng3 17. Bf1 Nxh1 18. Kxh1 Qxe3 19. Qxe3 Rxe3 20. Ne5 f6 21. Ng4 Bxg4 22. hxg4 Rae8 23. Ra2 Rxc3 24. d5 Re1 25. Kg1 Rxc4 26. Kf2 Rcc1 27. Be2 Ra1 28. Rc2 Rec1 29. Rb2 b6 30. Rb3 Ra2 31. Re3 Kf7 32. d6 cxd6 33. Kg3 Rac2 34. Bf3 Rc3 0-1